| 000 | 01018nam a22003137a 4500 | ||
|---|---|---|---|
| 001 | BR9902336 | ||
| 003 | BR-BrBNA | ||
| 005 | 20230928100257.0 | ||
| 007 | ta | ||
| 008 | 230509b bl.||||| |||| 00| 0 por d | ||
| 040 |
_aBR-BrBNA _bpor _cBiblioteca Nacional de Agricultura |
||
| 041 | _a(Por) | ||
| 072 | _aF61; K10 | ||
| 090 | _ F61 BR9902336 | ||
| 100 | 1 | _aCunha, G.C. da | |
| 110 | 1 |
_aEscola Superior de Agricultura Luiz de Queiroz, Piracicaba, SP (Brasil) _0Tese (Mestre em Ciencias) |
|
| 245 | 1 | _aAspectos da ciclagem de nutrientes em diferentes fases sucessionais de uma floresta estacional do Rio Grande do Sul | |
| 260 | 3 |
_aPiracicaba, SP (Brasil): _c1998. |
|
| 300 | _a86 p. | ||
| 500 | _aSummaries (Eng, Por); Bibliography p.75-86; 13 illus.; 14 tables | ||
| 650 | _aFloresta | ||
| 650 | _aAbsorcao de Nutrientes | ||
| 650 | _aReciclagem | ||
| 650 | _aSerapilheira | ||
| 650 | _aProducao Florestal | ||
| 650 | _aRio Grande do Sul | ||
| 909 |
_a202309 _bLucia _c55 _dLucia Elande |
||
| 942 | _cBK | ||
| 999 |
_c60797 _d60797 |
||